• 首页
  • 本馆介绍
  • 公告通知
  • 最新文献
  • 馆藏检索
  • 电子资源
  • 读者导购
  • 参考咨询
  • 我的图书馆
  • 登录
  • 详细信息显示
  • 放入我的书架
  • 预约/预借图书
  • 作者相关作品
  • 分类相关作品
  • 丛书相关作品
  • 出版社相关作品

书目信息

  • 表格格式
  • 工作单格式
  • 卡片格式
题名:
守望幸福
    
 
作者: 刘金霞 主编
分册:  
出版信息: 长春   吉林大学出版社  2019.03
页数: 346页
开本: 24cm
丛书名:
单 册:
中图分类: G622.3
科图分类:
主题词: 课程改革--教学研究--小学
电子资源:
ISBN: 978-7-5692-4460-1
000 01098nam0 2200241 450
001 0103152647
005 20201103152730.0
010    @a978-7-5692-4460-1@dCNY69.00
100    @a20190812d2019 em y0chiy50 ea
101 0  @achi
102    @aCN@b220000
105    @aa z 000yy
106    @ar
200 1  @a守望幸福@Ashou wang xing fu@e基于核心素养的校本课程变革@f刘金霞主编
210    @a长春@c吉林大学出版社@d2019.03
215    @a346页@c图, 照片@d24cm
330    @a本书共分为六个章节,分别是:学校课程变革的历史回顾,学校课程建设理念与目标,学校课程体系建构,学校课程设计与实施创新,社会资源开发与运用,学校课程建设成果反响与社会评价。通过六个章节的内容分别展现了济南市历城区文苑小学实施幸福课程变革以来的思考与践行,有幸福课程的架构体系、评价体系以及幸福课程内容,还有教师们的课程纲要、教学设计,师生、学生家长的课程感悟等。
517 1  @a基于核心素养的校本课程变革@Aji yu he xin su yang de xiao ben ke cheng bian ge
606 0  @a课程改革@x教学研究@x小学
690    @aG622.3@v5
701  0 @a刘金霞@Aliu jin xia@4主编
801  0 @aCN@bBJSZM@c20201103
905    @b1255936-40@dG622.3@e1037@f5
    
    守望幸福:基于核心素养的校本课程变革/刘金霞主编.-长春:吉林大学出版社,2019.03
    346页:图, 照片;24cm
    
    
    ISBN 978-7-5692-4460-1:CNY69.00
    本书共分为六个章节,分别是:学校课程变革的历史回顾,学校课程建设理念与目标,学校课程体系建构,学校课程设计与实施创新,社会资源开发与运用,学校课程建设成果反响与社会评价。通过六个章节的内容分别展现了济南市历城区文苑小学实施幸福课程变革以来的思考与践行,有幸福课程的架构体系、评价体系以及幸福课程内容,还有教师们的课程纲要、教学设计,师生、学生家长的课程感悟等。
●
相关链接 在E读中查询图书 在五车中查询图书 在当当中查询图书 在豆瓣中查询图书


正题名:守望幸福     索取号:G622.3/1037         预约/预借

序号 登录号 条形码 馆藏地/架位号 状态 备注
1 1255936   212559364   第一样本阅览室/ [索取号:G622.3/1037] 在馆    
2 1255937   212559373   教育系资料室/ [索取号:G622.3/1037] 在馆    
3 1255938   212559382   教育系资料室/ [索取号:G622.3/1037] 在馆    
4 1255939   212559391   第四借阅区/ [索取号:G622.3/1037] 在馆    
5 1255940   212559408   第四借阅区/ [索取号:G622.3/1037] 在馆    
唐山师范学院图书馆 欢迎您!
大连网信软件有限公司© 版权所有